AVOID TRAVEL Countries For Canadian Citizens - Statistics

General Stats
  • This quiz has been taken 34 times
  • The average score is 15 of 23
Answer Stats
Status Country % Correct
AVOID ALL TRAVEL Afghanistan
87%
AVOID ALL TRAVEL North Korea
87%
AVOID ALL TRAVEL Somalia
83%
AVOID ALL TRAVEL Iran
80%
AVOID ALL TRAVEL Iraq
80%
AVOID ALL TRAVEL Niger
80%
AVOID NON-ESSENTIAL TRAVEL Democratic Republic of the Congo
77%
AVOID ALL TRAVEL Syria
77%
AVOID ALL TRAVEL Libya
73%
AVOID NON-ESSENTIAL TRAVEL Chad
70%
AVOID ALL TRAVEL Mali
70%
AVOID NON-ESSENTIAL TRAVEL Nigeria
70%
AVOID ALL TRAVEL South Sudan
70%
AVOID ALL TRAVEL Yemen
70%
AVOID ALL TRAVEL Venezuela
67%
AVOID NON-ESSENTIAL TRAVEL Eritrea
63%
AVOID NON-ESSENTIAL TRAVEL Pakistan
63%
AVOID ALL TRAVEL Central African Republic
60%
AVOID NON-ESSENTIAL TRAVEL Mauritania
57%
AVOID NON-ESSENTIAL TRAVEL Burkina Faso
47%
AVOID NON-ESSENTIAL TRAVEL Haiti
43%
AVOID ALL TRAVEL Burundi
40%
AVOID NON-ESSENTIAL TRAVEL Palestine
13%
No matching quizzes found
Score Distribution
Percent of People with Each Score
Percentile by Number Answered
Your Score History
You have not taken this quiz